Countries ending in “I” - With map - Statistics

General Stats
  • This quiz has been taken 26 times
  • The average score is 5 of 8
Answers on the Map
Answers color-coded by a green-red scale on the quiz's map according to % correct below.
 
Answer Stats
Answer % Correct
Eswatini
75%
Kiribati
75%
Malawi
71%
Burundi
63%
Djibouti
58%
Fiji
58%
Brunei
46%
Haiti
46%
No matching quizzes found
Score Distribution
Percent of People with Each Score
Percentile by Number Answered
Your Score History
You have not taken this quiz